000
00341 a2200169 4500
001
61649
020
_a
8516039676
040
_c
Anchieta - Pituba
100
_a
Alencar, José de
240
1
0
_a
Senhora
_l
por
245
1
0
_a
Senhora
300
_a
206
362
0
_a
2004
440
1
_a
Moderna
650
4
_a
Ficção brasileira
942
_c
BK
999
_c
61649
_d
61649